MARC

LEADER 00000nam0a2200000 4500
001 186260
005 20231031173516.0
035 |a (RuTPU)RU\TPU\book\202088 
090 |a 186260 
100 |a 20101026d1980 km y0rusy50 ca 
101 0 |a rus 
102 |a RU 
105 |a a z 001zy 
200 1 |a Мультиплексные системы измерений в физике  |f Л. М. Сороко 
210 |a Москва  |c Атомиздат  |d 1980 
215 |a 120 с.  |c ил. 
320 |a Библиогр.: с. 99-118. 
610 1 |a физика 
610 1 |a мультиплексные системы 
610 1 |a открытие Фельжета 
610 1 |a оптика 
610 1 |a спектрометры 
610 1 |a ЯМР 
610 1 |a детекторы частиц 
610 1 |a циклические коды 
675 |a 539.1.074  |v 3 
700 1 |a Сороко  |b Л. М.  |g Лев Маркович 
801 1 |a RU  |b 63413507  |c 20101026 
801 2 |a RU  |b 63413507  |c 20150313  |g RCR 
942 |c BK